Luna Lunera como testimonio de la posguerra española: estrategias de retorno nostálgico al pasado y memoria del yo femenino

Spremljeno u:
Bibliografski detalji
Glavni autor: Muñoz Muñoz, Marianela
Format: Knjiga
Jezik:Undetermined
Izdano: San José, Costa Rica Sistema de Estudios de Posgrado, Universidad de Costa Rica 2004
Teme:
Oznake: Dodaj oznaku
Bez oznaka, Budi prvi tko označuje ovaj zapis!

MARC

LEADER 00000nam a2200000Ia 4500
008 170316s9999 xx 000 0 und d
040 |a cru BVZT 
090 |a Tesis 710 
100 |a Muñoz Muñoz, Marianela 
245 |a Luna Lunera como testimonio de la posguerra española: estrategias de retorno nostálgico al pasado y memoria del yo femenino 
260 |a San José, Costa Rica 
260 |b Sistema de Estudios de Posgrado, Universidad de Costa Rica 
260 |c 2004 
300 |a 265 páginas 
650 |a TRABAJO FINAL DE GRADUACIÓN 
650 |a MAGISTER LITTERARUM EN LITERATURA ESPAÑOLA 
650 |a REGAS 
999 |c 14369  |d 14369 
942 |c TFG  |h Tesis 710  |2 z